000 00271nam a2200145Ia 4500
100 _aPenquin
650 _aGeneral
942 _cBK
654 _aworld
245 _aWorld Atlas
260 _bGenesis Mark
082 _a900
_bPEN
300 _a160
546 _aENGLISH
999 _c30508
_d30508